Oh, Canada! (Record no. 11672)

MARC details
000 -LEADER
fixed length control field 00260nam a22000977a 4500
008 - FIXED-LENGTH DATA ELEMENTS--GENERAL INFORMATION
fixed length control field 191126b ||||| |||| 00| 0 eng d
020 ## - INTERNATIONAL STANDARD BOOK NUMBER
International Standard Book Number 9781988720067
100 ## - MAIN ENTRY--PERSONAL NAME
Personal name Erlendson Richard
9 (RLIN) 7374
245 ## - TITLE STATEMENT
Title Oh, Canada!
260 ## - PUBLICATION, DISTRIBUTION, ETC. (IMPRINT)
Place of publication, distribution, etc. Canada
Name of publisher, distributor, etc. Country Lane Publishing
Date of publication, distribution, etc. 2018
Holdings
Withdrawn status Lost status Source of classification or shelving scheme Damaged status Koha normalized classification for sorting Not for loan Home library Current library Shelving location Date acquired Total Checkouts Full call number Barcode Date last seen Price effective from Koha item type
    Dewey Decimal Classification   ERL_779_000000000000000_K11   Good Samaritan School Library Good Samaritan School Library ART & CRAFT 11/26/2019   ERL779 K-11 ERL15697 11/26/2019 11/26/2019 BOOK

Powered by Koha